000
00319nam a2200121Ia 4500
005
20251222141905.0
008
251222s9999||||xx |||||||||||||| ||spa||
082
_a
287.4/C14
100
_a
Cáceres Guinet, Hugo
245
0
_a
Cómo ser Catequista:
264
_b
Instituto Superior Pedagógico Catequético
942
_c
LIB
999
_c
8177
_d
8177